000 00529nam a2200193Ia 4500
003 GCL
008 140319s9999 xx 000 0 ara d
040 _aGCL /
_cGCL
082 0 4 _a415.1
_bع ن
100 1 _aعبدالعليم ابراهيم
245 1 0 _aالنحو الوظيفى /
_cعبدالعليم ابراهيم
260 _a[S.N] :
_bدار المعارف ،
_c1993
300 _a442 ص
490 _a
650 0 4 _aالنحو
650 0 4 _aاللغة العربية
650 0 4 _aالنحت
942 _2ddc
_cBK
999 _c55338
_d55338